000 01060nam0a22002891 4500
001 rc\3567807
005 20250610043017.0
035 _a(NLR Aleph) 007689744
090 _a6628718
_c6628718
100 _a20130115d1976 |||y0rusy50 ca
101 0 _arus
102 _aRU
105 _aa z |||||
200 1 _aЭлементы электроавтоматических устройств
_eУчеб. пособие
_fПод ред. В.А. Соколова и В.П. Карлаша
_gМ-во обороны СССР
210 _a[Москва]
_cБ. и.
_d1976
215 _a512 с.
_cил.
_d21
300 _aПеред загл. авт.: В.Е. Баранов, Р.В. Гончаров, В.П. Карлаш [и др.]
320 _aБиблиогр. в конце глав
701 1 _aГончаров
_bР.В.
701 1 _aКарлаш
_bВ.П.
_4340
701 1 _aБаранов
_bВ.Е.
702 1 _aСоколов
_bВ.А.
_4340
801 0 _aRU
_bNLR
_gpsbo
801 1 _aRU
_bELAR
_2rusmarc
852 _aNLR
_j76-50К/3574
942 _cBOOK
980 _aNB